LEADER 01768nam0 22003373i 450 001 UBO1832173 005 20251003044421.0 010 $a0824766865 100 $a20140227d1979 ||||0itac50 ba 101 | $aeng 102 $aus 181 1$6z01$ai $bxxxe 182 1$6z01$an 200 1 $aElementary statistical quality control$fIrving W. Burr 210 $aNew York and Basel$cMarcel Dekker$dc1979 215 $aXII, 413 p.$d24 cm. 225 | $aStatistics: textbooks and monographs$v25 410 0$1001MIL0035165$12001 $aStatistics: textbooks and monographs$v25 606 $aControllo di qualità$xMetodi statistici$2FIR$3CFIC083889$9E 676 $a658.562$9CONTROLLO DEI PRODOTTI. CONTROLLO DI QUALITA$v22 676 $a658.562015195$9CONTROLLO DEI PRODOTTI. CONTROLLO DI QUALITA. Metodi statistici$v21 700 1$aBurr$b, Irving W.$3PUVV183575$4070$056712 801 3$aIT$bIT-000000$c20140227 850 $aIT-BN0095 901 $bNAP 01$cLT $n$ 901 $bNAP 01$cPOZZO LIB.$nVi sono collocati fondi di economia, periodici di ingegneria e scienze, periodici di economia e statistica e altri fondi comprendenti documenti di economia pervenuti in dono. 912 $aUBO1832173 950 0$aBiblioteca Centralizzata di Ateneo$c1 v.$d 01LT (AR) 14 B 754$e 01AR 0700147545 VMA 1 v.$fB $h20140227$i20140227$c1 v. in due copie$d 01LT (AR) 14 B 753$e 01AR 0700147535 VMA (bis 1 v. (2. copia)$fY $h19950115$i20201015$c1 v.$d 01POZZO LIB.ECON MON 3446$e 0101 0000127155E VMA 1 v.$fB $h20210318$i20210318 977 $a 01 996 $aElementary statistical quality control$968035 997 $aUNISANNIO